| 000 | 01301nam a22002777a 4500 | ||
|---|---|---|---|
| 005 | 20170124102932.0 | ||
| 010 | _aB-057679 | ||
| 020 |
_c300.00 _a8186125299 |
||
| 035 | _aB-057679 | ||
| 037 | _bCen Lib/Ret | ||
| 040 |
_aDPL _bHN |
||
| 082 |
_a332.17 _bयादव |
||
| 100 |
_aयादव, दलसिंगार _99496 |
||
| 245 |
_aभुगतान-प्रणाली व इलेक्ट्रॉनिक मीडिया / _cदलसिंगार यादव [एवं] सुब्रत दास |
||
| 246 |
_aBhugtan-pranali ve electronic media / _bby Dasingar yadav [and] Subrat Das |
||
| 260 |
_bशारदा प्रकाशन _aनई दिल्ली _c2001 |
||
| 270 |
_a16/एफ-3, अंसारी रोड, दरियागंज _bनई दिल्ली _e110002 |
||
| 300 |
_a171पृ. _c21सेमी (सजिल्द) |
||
| 500 | _aअनुक्रमाणिका शामिल | ||
| 650 |
_aइलेक्ट्रॉनिक मीडिया _945537 |
||
| 650 |
_aभुगतान-प्रणाली _945538 |
||
| 650 |
_aElectronic media _945539 |
||
| 650 |
_aPayment-system _945540 |
||
| 700 |
_aदास, सुब्रत _943260 |
||
| 942 |
_2ddc _cHN _h332.17 _mयादव |
||
| 999 |
_c112025 _d112025 |
||